Numerická schéma pre AMSS model v spracovaní obrazu.
Gespeichert in:
| 1. Verfasser: | |
|---|---|
| Weitere Verfasser: | |
| Format: | Manuskript Buch |
| Sprache: | Slowakisch |
| Veröffentlicht: |
2018
|
| Schlagworte: | |
| Online-Zugang: | http://is.stuba.sk/zp/portal_zp.pl?podrobnosti=138244 https://opac.crzp.sk/?fn=detailBiblioForm&sid=EEE57057A47611A7EA7ACD4E9AC3 |
| Tags: |
Keine Tags, Fügen Sie das erste Tag hinzu!
|
MARC
| LEADER | 00000ntm a22000003a 4500 | ||
|---|---|---|---|
| 001 | stuzp67054 | ||
| 003 | SK-STU | ||
| 005 | 20230628133402.5 | ||
| 007 | ta | ||
| 008 | 150427s2015----xo-----f-mn---000-0-slo-d | ||
| 040 | |a STU |b slo | ||
| 041 | 0 | |a slo | |
| 100 | 1 | |a Polakovičová, Zdenka |u 010220 |4 aut |U SvF Stavebná fakulta |T SvF Katedra matematiky a deskriptívnej geometrie |X 63358 |U V220 |Y 23 |7 63358 | |
| 242 | 0 | 1 | |a Numerical scheme for AMMS model in image processing |y eng |
| 245 | 1 | 0 | |a Numerická schéma pre AMSS model v spracovaní obrazu. |
| 260 | |c 2018 | ||
| 650 | 4 | |a AMSS model |2 slo | |
| 650 | 4 | |a krivostný filter |2 slo | |
| 650 | 4 | |a level-set |2 slo | |
| 650 | 4 | |a AMSS model |2 eng | |
| 650 | 4 | |a mean curvature flow |2 eng | |
| 650 | 4 | |a level-set |2 eng | |
| 700 | 1 | |a Handlovičová, Angela |u 010220 |k Z1 |4 ths |U SvF Stavebná fakulta |T SvF Katedra matematiky a deskriptívnej geometrie |X 914 |U V220 |Y 23 |7 A000000914 | |
| 856 | 4 | |u http://is.stuba.sk/zp/portal_zp.pl?podrobnosti=138244 | |
| 856 | 4 | |u https://opac.crzp.sk/?fn=detailBiblioForm&sid=EEE57057A47611A7EA7ACD4E9AC3 | |